000 01523cad a22002655a 4500
001 E147605
008 090528u xxk f 000 0 eng d
035 _a(Sirsi) u147605
041 0 _aeng
050 0 4 _a711.558 $2 18
110 2 _aScottish Natural Heritage
_92794
245 0 0 _aUpland path management
_bstandards for delivering path projects in Scotland's mountains
_h[electronic resource]
260 _aRedgorton
_bSNH
_c[2003]
505 0 _aPreface -- Section 1: project planning -- Section 2: project and site assessment -- Section 3: managing safety and environment -- Section 4: using contracts to build paths -- Section 5: training and developing the project team
520 _aAimed at those involved in upland path management in Scotland, this manual sets out the project process from developing an upland path project proposal, through delivery of the project to aftercare. For guidance on the practical methods of path work, see "Upland pathwork: construction standards for Scotland" (E147604).
521 _aAdvanced
590 _aKA
651 4 _aScotland
_y1999-
690 _aENVIRONMENTAL AND LAND CONSULTANCY-ENVIRONMENTAL MANAGEMENT-ENVIRONMENTAL CONSERVATION-LANDSCAPE CONSERVATION
710 1 _aHighlands and Islands Enterprise
710 1 _aNational Trust for Scotland
_93899
710 1 _aEuropean Social Fund
856 4 0 _uhttps://www.snh.org.uk/publications/on-line/heritagemanagement/uplandpathmanagement/index.shtml
_zView the report free of charge at www.snh.org.uk...
942 _n0
999 _c109647
_d109647